00626nam a2200205Ia 4500008004100000020001800041050001900059050001400078100002300092245001500115245002200130260001700152260003900169260000900208300001600217300001100233650003400244999001900278952012300297160418s9999 xx 000 0 und d a971-550-157-5 aFIL PL 6058.8  b.F73 1995 aFrancisco, Lazaro. aDaluyong / cLazaro Francisco. aQuezon City: bAteneo De Manila University Press, c1995 a383 pages : c18 cm. aPhilippine fiction (Tagalog). c293578d293578 001040aSMCbSMCcFILd2005-03-07g275.00l0oFIL PL 6058.8 .F73 1995pSMC01563r2016-04-18 00:00:00w2016-04-18yBK